[Event "AUT-chT2W 2223"]
[Site "Austria"]
[Date "2023.04.22"]
[Round "10.6"]
[White "Ginsburg, Gennadij"]
[Black "Rusche, Johannes"]
[Result "1-0"]
[WhiteElo "2394"]
[BlackElo "2313"]
[PlyCount "57"]
[EventDate "2022.09.23"]
[EventType "team-tourn"]
[EventRounds "11"]
[EventCountry "AUT"]
[SourceTitle "EXT 2024"]
[Source "ChessBase"]
[SourceDate "2023.10.10"]
[SourceVersion "1"]
[SourceVersionDate "2023.10.10"]
[SourceQuality "1"]
[WhiteTeam "Bregenz"]
[BlackTeam "Kufstein/Woergl"]
[WhiteTeamCountry "AUT"]
[BlackTeamCountry "AUT"]

1. Nf3 Nf6 2. d4 d5 3. c4 e6 4. Nc3 dxc4 5. e4 b5 6. e5 Nd5 7. Nxb5 Nb6 8. a4 a6 9. Na3 Qd5 10. Be2 Nc6 11. 0-0 Bb7 12. Be3 Be7 13. Nb1 Na5 14. Nc3 Qc6 15. Qc2 g5 16. Ne1 0-0-0 17. Bf3 Qd7 18. Bxb7+ Kxb7 19. Nf3 Qc6 20. Nd2 f5 21. exf6 Bxf6 22. b4 cxb3 23. Nxb3 Nxb3 24. Qxb3 Ka8 25. Rac1 Qb7 26. Rb1 Qc6 27. Rfc1 Qc4 28. Qxc4 Nxc4 29. Ne4 1-0

[Event "BL2-Sued 2223"]
[Site "Germany"]
[Date "2022.11.25"]
[Round "6.3"]
[White "Ginsburg, Gennadij"]
[Black "Ikonnikov, Vyacheslav"]
[Result "1/2-1/2"]
[WhiteElo "2394"]
[BlackElo "2480"]
[PlyCount "81"]
[EventDate "2022.10.22"]
[EventType "team-tourn"]
[EventRounds "9"]
[EventCountry "GER"]
[SourceTitle "EXT 2024"]
[Source "ChessBase"]
[SourceDate "2023.10.10"]
[SourceVersion "1"]
[SourceVersionDate "2023.10.10"]
[SourceQuality "1"]
[WhiteTeam "Hofheim"]
[BlackTeam "Bad Mergentheim"]
[WhiteTeamCountry "GER"]
[BlackTeamCountry "GER"]

1. e4 c5 2. Nf3 Nc6 3. d4 cxd4 4. Nxd4 e5 5. Nb5 d6 6. c4 Be7 7. N1c3 a6 8. Na3 Be6 9. Nc2 Bg5 10. Be2 Bxc1 11. Rxc1 Nf6 12. 0-0 0-0 13. Qd2 Qb8 14. Rfd1 Rd8 15. Qe3 Qa7 16. Qxa7 Nxa7 17. f3 Rac8 18. b3 Kf8 19. Kf2 g6 20. g4 h6 21. h4 Nc6 22. Rd2 Ne8 23. Rcd1 Rc7 24. Bd3 Rb8 25. Ne3 Ne7 26. Rh1 b5 27. h5 Kg7 28. Kg3 Nf6 29. Be2 Nc8 30. Ncd5 Bxd5 31. Nxd5 Nxd5 32. Rxd5 bxc4 33. Bxc4 Rc6 34. Rd2 Ne7 35. Rdh2 Rh8 36. Rd1 gxh5 37. Rxh5 Ng6 38. Rf5 Rf8 39. Rh1 Nf4 40. Rh2 f6 41. Rd2 1/2-1/2

[Event "AUT-chT2W 2223"]
[Site "Austria"]
[Date "2022.11.13"]
[Round "5.3"]
[White "Maras, Houssni"]
[Black "Ginsburg, Gennadij"]
[Result "0-1"]
[WhiteElo "1999"]
[BlackElo "2394"]
[PlyCount "60"]
[EventDate "2022.09.23"]
[EventType "team-tourn"]
[EventRounds "11"]
[EventCountry "AUT"]
[SourceTitle "CBM 213 Extra"]
[Source "ChessBase"]
[SourceDate "2023.05.31"]
[SourceVersion "1"]
[SourceVersionDate "2023.05.31"]
[SourceQuality "1"]
[WhiteTeam "Pradl"]
[BlackTeam "Bregenz"]
[WhiteTeamCountry "AUT"]
[BlackTeamCountry "AUT"]

1. e4 c5 2. Nf3 e6 3. d4 cxd4 4. Nxd4 a6 5. Nc3 b5 6. Be2 Bb7 7. 0-0 b4 8. Na4 Bxe4 9. Re1 Nf6 10. Bf3 d5 11. Bg5 Be7 12. Bxe4 dxe4 13. Bxf6 Bxf6 14. Rxe4 0-0 15. Qf3 Ra7 16. c3 Qa5 17. Qd1 Rd7 18. Qb3 Bxd4 19. Rxd4 Rxd4 20. cxd4 Nc6 21. Rd1 Rd8 22. d5 exd5 23. Qc2 Qb5 24. b3 Re8 25. Qc5 Qd3 26. Rf1 Nd4 27. h3 Ne2+ 28. Kh2 h5 29. Qxb4 d4 30. Re1 Qf5 0-1

[Event "AUT-chT2W 2223"]
[Site "Austria"]
[Date "2022.11.12"]
[Round "4.2"]
[White "Ginsburg, Gennadij"]
[Black "Lerch, Johannes"]
[Result "1/2-1/2"]
[WhiteElo "2394"]
[BlackElo "2192"]
[PlyCount "105"]
[EventDate "2022.09.23"]
[EventType "team-tourn"]
[EventRounds "11"]
[EventCountry "AUT"]
[SourceTitle "CBM 213 Extra"]
[Source "ChessBase"]
[SourceDate "2023.05.31"]
[SourceVersion "1"]
[SourceVersionDate "2023.05.31"]
[SourceQuality "1"]
[WhiteTeam "Bregenz"]
[BlackTeam "Jenbach II"]
[WhiteTeamCountry "AUT"]
[BlackTeamCountry "AUT"]

1. e4 e5 2. Nf3 Nc6 3. Bb5 a6 4. Ba4 Nf6 5. d3 Bc5 6. c3 d6 7. 0-0 Ba7 8. h3 h6 9. Be3 0-0 10. Bxa7 Rxa7 11. Nbd2 Ne7 12. d4 Ng6 13. Re1 Ra8 14. Nf1 c6 15. Ng3 Qc7 16. Qd2 Rd8 17. Rad1 Be6 18. Bb3 Bxb3 19. axb3 Rd7 20. Nf5 Re8 21. b4 d5 22. exd5 Rxd5 23. c4 Rdd8 24. Qc3 e4 25. Nh2 Qf4 26. Ne3 Qg5 27. Nhg4 Nxg4 28. hxg4 h5 29. gxh5 Nh4 30. Kf1 f5 31. g3 Nf3 32. d5 Qxh5 33. d6 Qh1+ 34. Ke2 Nxe1 35. c5 Qf3+ 36. Kxe1 Kf8 37. Kd2 Qxf2+ 38. Kc1 Qxg3 39. Rf1 f4 40. Kb1 Rd7 41. Rh1 Qxe3 42. Rh8+ Kf7 43. Qc4+ Re6 44. Rf8+ Kxf8 45. Qxe6 Qd3+ 46. Kc1 Qe3+ 47. Kb1 Qd3+ 48. Kc1 Qf1+ 49. Kc2 Qe2+ 50. Kc1 Qf1+ 51. Kc2 Qe2+ 52. Kc1 Qf1+ 53. Kc2 1/2-1/2

[Event "Jesrusalem Maccabi"]
[Site "Jerusalem"]
[Date "2022.07.22"]
[Round "9"]
[White "Postny, Evgeny"]
[Black "Ginsburg, Gennadij"]
[Result "1-0"]
[WhiteElo "2564"]
[BlackElo "2400"]
[PlyCount "79"]
[EventDate "2022.07.13"]
[EventType "tourn"]
[EventRounds "9"]
[EventCountry "ISR"]
[EventCategory "10"]
[SourceTitle "CBM 209 Extra"]
[Source "ChessBase"]
[SourceDate "2022.09.30"]
[SourceVersion "1"]
[SourceVersionDate "2022.09.30"]
[SourceQuality "1"]

1. Nf3 d5 2. c4 e6 3. g3 c5 4. Bg2 Nc6 5. 0-0 Nf6 6. d4 Be7 7. dxc5 Bxc5 8. a3 Ne4 9. Qc2 0-0 10. e3 Qe7 11. b4 Bb6 12. Bb2 Rd8 13. Rd1 h6 14. Nc3 Nf6 15. cxd5 exd5 16. Na4 Bg4 17. Nxb6 axb6 18. h3 Bxf3 19. Bxf3 Qe6 20. Bg2 Ne4 21. Qe2 Ne5 22. Bd4 Nc4 23. a4 Rd6 24. Qg4 Qxg4 25. hxg4 Re8 26. Ra2 Ne5 27. b5 Nf6 28. Rc2 Ned7 29. Rc7 Ra8 30. Ra1 Nxg4 31. Rxb7 Nge5 32. Rc7 Kf8 33. Bc3 Nd3 34. Rc6 Ke7 35. Bxg7 N7c5 36. Bxh6 Rxc6 37. bxc6 Rxa4 38. Rxa4 Nxa4 39. Bxd5 Ne5 40. Bg7 1-0

[Event "Jesrusalem Maccabi"]
[Site "Jerusalem"]
[Date "2022.07.20"]
[Round "7"]
[White "Alekseev, Evgeny V"]
[Black "Ginsburg, Gennadij"]
[Result "1-0"]
[WhiteElo "2601"]
[BlackElo "2400"]
[PlyCount "73"]
[EventDate "2022.07.13"]
[EventType "tourn"]
[EventRounds "9"]
[EventCountry "ISR"]
[EventCategory "10"]
[SourceTitle "CBM 209 Extra"]
[Source "ChessBase"]
[SourceDate "2022.09.30"]
[SourceVersion "1"]
[SourceVersionDate "2022.09.30"]
[SourceQuality "1"]

1. e4 c5 2. Nf3 e6 3. d4 cxd4 4. Nxd4 a6 5. Bd3 Bc5 6. Nb3 Ba7 7. Qe2 Ne7 8. Be3 Nbc6 9. f4 0-0 10. Bxa7 Rxa7 11. Nc3 b5 12. 0-0-0 Nb4 13. Kb1 Rc7 14. Qe3 Bb7 15. Rhe1 Qc8 16. g4 d5 17. e5 Nxd3 18. Rxd3 b4 19. Ne2 a5 20. Ng3 Ba6 21. Rdd1 a4 22. Nd4 Nc6 23. Nxc6 Rxc6 24. Rc1 b3 25. cxb3 axb3 26. axb3 Rxc1+ 27. Rxc1 Qb7 28. f5 d4 29. Qxd4 Qxb3 30. Rc7 Rb8 31. fxe6 fxe6 32. Nh5 Bd3+ 33. Kc1 Ra8 34. Rxg7+ Kh8 35. Kd2 Rf8 36. Rf7 Rc8 37. Rc7 1-0

[Event "Jesrusalem Maccabi"]
[Site "Jerusalem"]
[Date "2022.07.13"]
[Round "1"]
[White "Ginsburg, Gennadij"]
[Black "Dvoirys, Semen I"]
[Result "1/2-1/2"]
[WhiteElo "2400"]
[BlackElo "2439"]
[PlyCount "58"]
[EventDate "2022.07.13"]
[EventType "tourn"]
[EventRounds "9"]
[EventCountry "ISR"]
[EventCategory "10"]
[SourceTitle "CBM 209 Extra"]
[Source "ChessBase"]
[SourceDate "2022.09.30"]
[SourceVersion "1"]
[SourceVersionDate "2022.09.30"]
[SourceQuality "1"]

1. d4 Nf6 2. Nf3 g6 3. c4 Bg7 4. e3 d5 5. cxd5 Nxd5 6. Be2 0-0 7. 0-0 Nb6 8. e4 Bg4 9. Nbd2 e6 10. h3 Bxf3 11. Nxf3 c5 12. Bg5 Qd7 13. dxc5 Na4 14. Qc2 Rc8 15. Rad1 Qe8 16. b4 a5 17. a3 axb4 18. axb4 Nc3 19. Rd2 Ra2 20. Qd3 Na6 21. e5 Ra3 22. Rb2 Qa4 23. Bd1 Nxd1 24. Qxd1 Nxb4 25. Qxa4 Rxa4 26. Rfb1 Nd3 27. Rxb7 Nxc5 28. Rb8 Ra8 29. Rxc8+ Rxc8 1/2-1/2

[Event "BL2-West 2122"]
[Site "Germany"]
[Date "2022.05.15"]
[Round "6.1"]
[White "Lubbe, Nikolas"]
[Black "Ginsburg, Gennadij"]
[Result "1-0"]
[WhiteElo "2446"]
[BlackElo "2405"]
[PlyCount "71"]
[EventDate "2022.03.05"]
[EventType "team-tourn"]
[EventRounds "10"]
[EventCountry "GER"]
[SourceTitle "EXT 2023"]
[Source "ChessBase"]
[SourceDate "2022.10.05"]
[SourceVersion "1"]
[SourceVersionDate "2022.10.05"]
[SourceQuality "1"]
[WhiteTeam "Neuberg"]
[BlackTeam "Hofheim"]
[WhiteTeamCountry "GER"]
[BlackTeamCountry "GER"]

1. d4 d5 2. Nf3 Nf6 3. c4 e6 4. e3 c5 5. cxd5 exd5 6. Bb5+ Nc6 7. 0-0 cxd4 8. Nxd4 Bd7 9. b3 Bd6 10. Bb2 0-0 11. Nc3 Rc8 12. h3 Bb8 13. Nf3 Bf5 14. Ne2 a6 15. Bxc6 bxc6 16. Ned4 Bg6 17. b4 Ne4 18. Rc1 Qd6 19. Qe2 a5 20. bxa5 c5 21. Nb5 Qe6 22. Nh4 Rfe8 23. Nxg6 hxg6 24. Rfd1 c4 25. Nc3 Nf6 26. Qc2 Bc7 27. Ne2 Ne4 28. Nd4 Qd6 29. Nf3 Bxa5 30. Qa4 Bb6 31. Rxc4 Ra8 32. Qc6 Qe7 33. Rxd5 Nxf2 34. Qxb6 Rxa2 35. Kxf2 Qa3 36. Rd2 1-0

[Event "BL2-West 2122"]
[Site "Germany"]
[Date "2022.04.30"]
[Round "3.2"]
[White "Ginsburg, Gennadij"]
[Black "Balog, Imre1111"]
[Result "0-1"]
[WhiteElo "2405"]
[BlackElo "2587"]
[PlyCount "56"]
[EventDate "2022.03.05"]
[EventType "team-tourn"]
[EventRounds "10"]
[EventCountry "GER"]
[SourceTitle "EXT 2023"]
[Source "ChessBase"]
[SourceDate "2022.10.05"]
[SourceVersion "1"]
[SourceVersionDate "2022.10.05"]
[SourceQuality "1"]
[WhiteTeam "Hofheim"]
[BlackTeam "Koblenz"]
[WhiteTeamCountry "GER"]
[BlackTeamCountry "GER"]

1. e4 e6 2. d4 d5 3. Nd2 dxe4 4. Nxe4 Bd7 5. Nf3 Bc6 6. Bd3 Nd7 7. Qe2 Ngf6 8. Neg5 Qe7 9. Bd2 h6 10. Ne4 0-0-0 11. 0-0 Nxe4 12. Bxe4 Bxe4 13. Qxe4 g5 14. Rfe1 Bg7 15. c4 Rhe8 16. Bc3 f5 17. Qc2 g4 18. Nd2 Qf7 19. b4 e5 20. d5 e4 21. Nb3 h5 22. Nc5 h4 23. Bxg7 Qxg7 24. Qa4 Nxc5 25. bxc5 g3 26. fxg3 hxg3 27. c6 Qd4+ 28. Kh1 Rh8 0-1

[Event "BL2-Sued 1920"]
[Site "Germany"]
[Date "2020.02.07"]
[Round "4.3"]
[White "Medvegy, Zoltan"]
[Black "Ginsburg, Gennadij"]
[Result "1-0"]
[WhiteElo "2539"]
[BlackElo "2415"]
[PlyCount "103"]
[EventDate "2019.10.19"]
[EventType "team-tourn"]
[EventRounds "11"]
[EventCountry "GER"]
[SourceTitle "CBM 194 Extra"]
[Source "ChessBase"]
[SourceDate "2020.03.31"]
[SourceVersion "1"]
[SourceVersionDate "2020.03.31"]
[SourceQuality "1"]
[WhiteTeam "Eppingen"]
[BlackTeam "Hofheim"]
[WhiteTeamCountry "GER"]
[BlackTeamCountry "GER"]

1. Nf3 d5 2. c4 e6 3. g3 c5 4. cxd5 exd5 5. d4 Nc6 6. Bg2 Nf6 7. 0-0 Be7 8. dxc5 Bxc5 9. a3 0-0 10. b4 Bb6 11. Nc3 h6 12. Bb2 Re8 13. Re1 Bxf2+ 14. Kxf2 Ng4+ 15. Kg1 Qb6+ 16. Nd4 Nxd4 17. e3 Rxe3 18. Rxe3 Nxe3 19. Na4 Nxd1 20. Nxb6 Ne2+ 21. Kf1 Nxb2 22. Nxa8 Nc3 23. Nc7 d4 24. Nd5 Bh3 25. Nxc3 Bxg2+ 26. Kxg2 dxc3 27. Rc1 Na4 28. Kf3 Kf8 29. Ke4 Ke7 30. Kd5 a6 31. Kc4 b5+ 32. Kd5 Kd7 33. g4 Nb6+ 34. Kd4 Na4 35. Kd5 Nb6+ 36. Kd4 Na4 37. Ke5 Ke7 38. h4 Kd7 39. Kd5 Nb6+ 40. Kd4 Na4 41. Ke5 Ke7 42. Kd5 Kd7 43. Rf1 f6 44. h5 Nb2 45. Rc1 Na4 46. Kd4 Ke6 47. Re1+ Kf7 48. Kd5 Nb2 49. Rc1 Nc4 50. Rxc3 Ne5 51. Rc7+ Kg8 52. Ra7 1-0

[Event "BL2-Sued 1920"]
[Site "Germany"]
[Date "2019.12.08"]
[Round "6.4"]
[White "Ratkovic, Miloje"]
[Black "Ginsburg, Gennadij"]
[Result "1-0"]
[WhiteElo "2456"]
[BlackElo "2415"]
[PlyCount "149"]
[EventDate "2019.10.19"]
[EventType "team-tourn"]
[EventRounds "11"]
[EventCountry "GER"]
[SourceTitle "CBM 194 Extra"]
[Source "ChessBase"]
[SourceDate "2020.03.31"]
[SourceVersion "1"]
[SourceVersionDate "2020.03.31"]
[SourceQuality "1"]
[WhiteTeam "Schoenaich"]
[BlackTeam "Hofheim"]
[WhiteTeamCountry "GER"]
[BlackTeamCountry "GER"]

1. d4 d5 2. c4 e6 3. Nc3 c5 4. cxd5 exd5 5. Nf3 Nc6 6. Bg5 Be7 7. Bxe7 Ngxe7 8. dxc5 Qa5 9. e3 Qxc5 10. Be2 0-0 11. 0-0 Rd8 12. Rc1 Bg4 13. Nd4 Bxe2 14. Qxe2 Rac8 15. Rfd1 Nxd4 16. exd4 Qd6 17. Nb5 Qe6 18. Qxe6 fxe6 19. Nxa7 Rxc1 20. Rxc1 Ra8 21. Nb5 Rxa2 22. Nc7 Rxb2 23. Nxe6 Re2 24. Nd8 b5 25. Kf1 Re4 26. f3 Rh4 27. Rb1 h6 28. Rxb5 Rxh2 29. Rb7 Nf5 30. Kg1 Rh4 31. Ne6 Nxd4 32. g3 Nxf3+ 33. Kf2 Re4 34. Rb8+ Kf7 35. Nd8+ Kg6 36. Kxf3 Re8 37. Rb6+ Kh7 38. Rd6 Re5 39. Nc6 Rf5+ 40. Kg4 Rg5+ 41. Kf4 Rh5 42. Ne7 Rh1 43. Nf5 Ra1 44. Rd7 Ra4+ 45. Kf3 Kg6 46. Nxg7 h5 47. Ne6 Ra3+ 48. Kf4 Ra4+ 49. Ke5 h4 50. Rg7+ Kh6 51. Kf5 hxg3 52. Rxg3 Kh7 53. Kf6 Ra6 54. Rh3+ Kg8 55. Rc3 d4 56. Rc7 d3 57. Rg7+ Kh8 58. Re7 d2 59. Kg6 Ra8 60. Rd7 Kg8 61. Rxd2 Rb8 62. Rd7 Ra8 63. Rg7+ Kh8 64. Rc7 Kg8 65. Rb7 Rc8 66. Kh6 Ra8 67. Rg7+ Kh8 68. Re7 Kg8 69. Kg6 Rb8 70. Rd7 Kh8 71. Rd6 Kg8 72. Ng5 Kf8 73. Re6 Kg8 74. Nh7 Kh8 75. Nf6 1-0

[Event "BL2-Sued 1920"]
[Site "Germany"]
[Date "2019.11.23"]
[Round "3.4"]
[White "Faerber, David"]
[Black "Ginsburg, Gennadij"]
[Result "1/2-1/2"]
[WhiteElo "2332"]
[BlackElo "2415"]
[PlyCount "81"]
[EventDate "2019.10.19"]
[EventType "team-tourn"]
[EventRounds "11"]
[EventCountry "GER"]
[SourceTitle "CBM 194 Extra"]
[Source "ChessBase"]
[SourceDate "2020.03.31"]
[SourceVersion "1"]
[SourceVersionDate "2020.03.31"]
[SourceQuality "1"]
[WhiteTeam "Walldorf"]
[BlackTeam "Hofheim"]
[WhiteTeamCountry "GER"]
[BlackTeamCountry "GER"]

1. e4 c5 2. Nf3 Nc6 3. d4 cxd4 4. Nxd4 e5 5. Nb5 a6 6. Nd6+ Bxd6 7. Qxd6 Qe7 8. Qd1 Nf6 9. Nc3 Nd4 10. Bd3 h6 11. 0-0 0-0 12. Be3 b5 13. Bxd4 exd4 14. Ne2 Nxe4 15. Nxd4 d5 16. Qh5 Nf6 17. Qe2 Qc5 18. Nb3 Qd6 19. Qe3 Ng4 20. Qg3 Qf6 21. c3 h5 22. Nd4 h4 23. Qc7 Ne5 24. Be2 h3 25. g3 Bf5 26. f4 Nd3 27. Bxd3 Bxd3 28. Rfe1 b4 29. Qe5 bxc3 30. bxc3 Rac8 31. Rac1 Rc5 32. Qe3 Be4 33. Ne6 Qxe6 34. Qxc5 Rc8 35. Qe3 f5 36. Red1 Qc6 37. Rd4 Qc5 38. g4 Qa3 39. gxf5 Qxa2 40. Qd2 Qb3 41. Rb4 1/2-1/2

[Event "BL2-Sued 1920"]
[Site "Germany"]
[Date "2019.10.20"]
[Round "2.1"]
[White "Sadzikowski, Daniel"]
[Black "Ginsburg, Gennadij"]
[Result "1-0"]
[WhiteElo "2504"]
[BlackElo "2415"]
[PlyCount "77"]
[EventDate "2019.10.19"]
[EventType "team-tourn"]
[EventRounds "11"]
[EventCountry "GER"]
[SourceTitle "CBM 194 Extra"]
[Source "ChessBase"]
[SourceDate "2020.03.31"]
[SourceVersion "1"]
[SourceVersionDate "2020.03.31"]
[SourceQuality "1"]
[WhiteTeam "Heusenstamm"]
[BlackTeam "Hofheim"]
[WhiteTeamCountry "GER"]
[BlackTeamCountry "GER"]

1. c4 e6 2. Nc3 d5 3. d4 Nf6 4. cxd5 exd5 5. Bg5 Be7 6. e3 c6 7. Bd3 Nbd7 8. Nge2 Nf8 9. Qc2 Ne6 10. Bh4 g6 11. f3 0-0 12. 0-0-0 b6 13. g4 Bb7 14. Bxf6 Bxf6 15. h4 c5 16. h5 Qe7 17. f4 Rfe8 18. hxg6 fxg6 19. g5 Bg7 20. Rh3 c4 21. Bxg6 hxg6 22. Qxg6 Nf8 23. Qh5 Qf7 24. Qxf7+ Kxf7 25. f5 Nd7 26. Nf4 Rh8 27. Rdh1 Rxh3 28. Rxh3 Rh8 29. Rxh8 Bxh8 30. Ncxd5 Bg7 31. Kd2 Bf8 32. e4 Bd6 33. Ke3 b5 34. g6+ Kg7 35. Nh5+ Kh6 36. Ndf6 Nxf6 37. Nxf6 Bf8 38. e5 b4 39. Nd7 1-0

[Event "Karlsruhe Grenke op"]
[Site "Karlsruhe"]
[Date "2019.04.21"]
[Round "6"]
[White "Cofman, Veaceslav"]
[Black "Ginsburg, Gennadij"]
[Result "1/2-1/2"]
[WhiteElo "2232"]
[BlackElo "2430"]
[PlyCount "134"]
[EventDate "2019.04.18"]
[EventType "swiss"]
[EventRounds "9"]
[EventCountry "GER"]
[SourceTitle "CBM 189 Extra"]
[Source "ChessBase"]
[SourceDate "2019.06.03"]
[SourceVersion "1"]
[SourceVersionDate "2019.06.03"]
[SourceQuality "1"]

1. d4 d5 2. Nc3 Nf6 3. Bg5 Nbd7 4. Nf3 g6 5. e3 Bg7 6. h3 0-0 7. Bf4 c5 8. Be2 b6 9. 0-0 Bb7 10. Ne5 Rc8 11. a4 a6 12. Bf3 Ne4 13. Bxe4 dxe4 14. Nxd7 Qxd7 15. dxc5 Qc6 16. cxb6 Qxb6 17. Ra3 Rfd8 18. Qe2 e5 19. Rb3 Qc6 20. Bh2 a5 21. Rd1 Ba6 22. Rxd8+ Rxd8 23. Nb5 Qd5 24. Bg3 f5 25. f4 exf3 26. Qxf3 Qxf3 27. gxf3 Bb7 28. Rd3 Rxd3 29. cxd3 Bxf3 30. Be1 Bd1 31. Nc3 Bc2 32. Nd5 Bxa4 33. Bxa5 Bb5 34. Nb4 Bf8 35. d4 exd4 36. exd4 Kf7 37. Nd5 g5 38. Bb4 Bg7 39. Bc5 h5 40. Nc7 Bc6 41. d5 Bb7 42. b4 Be5 43. Ne6 Kf6 44. Nf8 Bxd5 45. Nd7+ Ke6 46. Nxe5 Kxe5 47. Kf2 f4 48. Bb6 g4 49. hxg4 hxg4 50. Kg1 g3 51. Bc7+ Kf5 52. Bd6 Kg4 53. b5 f3 54. Bc5 Kf5 55. b6 Bb7 56. Kf1 Ke4 57. Ke1 Kf4 58. Kf1 Ba6+ 59. Kg1 Ke4 60. b7 Bxb7 61. Bb6 Ba6 62. Ba7 Bd3 63. Bb6 Kd5 64. Be3 Kc4 65. Bb6 Kb3 66. Be3 Kc2 67. Bf4 f2+ 1/2-1/2

[Event "Bundesliga 1819"]
[Site "Germany"]
[Date "2019.04.07"]
[Round "15.4"]
[White "Ginsburg, Gennadij"]
[Black "Zysk, Robert"]
[Result "1/2-1/2"]
[WhiteElo "2418"]
[BlackElo "2404"]
[PlyCount "119"]
[EventDate "2018.11.10"]
[EventType "team-tourn"]
[EventRounds "15"]
[EventCountry "GER"]
[SourceTitle "CBM 189 Extra"]
[Source "ChessBase"]
[SourceDate "2019.06.03"]
[SourceVersion "1"]
[SourceVersionDate "2019.06.03"]
[SourceQuality "1"]
[WhiteTeam "Hofheim"]
[BlackTeam "Muenchen Zugzwang"]
[WhiteTeamCountry "GER"]
[BlackTeamCountry "GER"]

1. e4 g6 2. d4 Bg7 3. Nc3 d6 4. h3 a6 5. a4 b6 6. Nf3 Bb7 7. Bc4 e6 8. Bg5 Ne7 9. Qd2 h6 10. Bf4 Nd7 11. 0-0 Nf6 12. Rfe1 g5 13. Bh2 g4 14. hxg4 Nxg4 15. Nd1 Ng6 16. d5 e5 17. Ne3 Nxe3 18. Qxe3 h5 19. a5 b5 20. Bf1 Bh6 21. Qb3 Bc8 22. c4 bxc4 23. Qxc4 0-0 24. Ra3 f6 25. Re2 Rf7 26. Rc2 Rg7 27. Rb3 Bg4 28. Rcc3 Bf4 29. Rb7 Bxf3 30. Rxf3 Qc8 31. Qc6 Rb8 32. Rxb8 Qxb8 33. b3 Qb4 34. Bxf4 Nxf4 35. Rxf4 exf4 36. Qe8+ Kh7 37. e5 Qe4 38. Qxh5+ Kg8 39. Qe8+ Kh7 40. Qh5+ Kg8 41. exf6 Rg6 42. f7+ Kxf7 43. Qh7+ Kf6 44. Qxc7 Qxd5 45. Qd8+ Ke5 46. Qe8+ Qe6 47. Qxe6+ Rxe6 48. Bxa6 Kd4 49. Bb7 Kc5 50. a6 Kb6 51. b4 Re5 52. g4 fxg3 53. fxg3 d5 54. Kf2 d4 55. g4 d3 56. b5 d2 57. Bf3 Rxb5 58. Ke2 Rb3 59. Bb7 Rg3 60. Kxd2 1/2-1/2

[Event "Bundesliga 1819"]
[Site "Germany"]
[Date "2019.03.02"]
[Round "10.5"]
[White "Ginsburg, Gennadij"]
[Black "Orlov, Andrey"]
[Result "0-1"]
[WhiteElo "2418"]
[BlackElo "2497"]
[PlyCount "108"]
[EventDate "2018.11.10"]
[EventType "team-tourn"]
[EventRounds "15"]
[EventCountry "GER"]
[SourceTitle "CBM 189 Extra"]
[Source "ChessBase"]
[SourceDate "2019.06.03"]
[SourceVersion "1"]
[SourceVersionDate "2019.06.03"]
[SourceQuality "1"]
[WhiteTeam "Hofheim"]
[BlackTeam "Duesseldorf"]
[WhiteTeamCountry "GER"]
[BlackTeamCountry "GER"]

1. e4 d6 2. d4 g6 3. Nc3 Bg7 4. Bg5 a6 5. f4 b5 6. Nf3 Bb7 7. Bd3 Nd7 8. e5 Nb6 9. Qe2 Qd7 10. 0-0 Nh6 11. Rae1 0-0 12. Bxh6 Bxh6 13. f5 dxe5 14. dxe5 e6 15. Be4 Nd5 16. f6 Nxc3 17. bxc3 Bxe4 18. Qxe4 Rfd8 19. Nd4 Qd5 20. Nc6 Qxe4 21. Rxe4 Rd2 22. Rf3 Bf8 23. Rd3 Bc5+ 24. Kf1 Rf2+ 25. Ke1 Rxg2 26. Rd7 Rf8 27. Re2 Rg1+ 28. Kd2 h5 29. c4 g5 30. Nd8 Rg4 31. cxb5 axb5 32. c3 h4 33. Kd1 h3 34. Red2 Rg2 35. R2d3 g4 36. Nxe6 Ra8 37. Rd8+ Rxd8 38. Rxd8+ Kh7 39. Nxc5 g3 40. Rd4 gxh2 41. Rh4+ Kg6 42. Rxh3 Rg1+ 43. Kc2 h1Q 44. Rxh1 Rxh1 45. e6 Kxf6 46. exf7 Kxf7 47. Na6 c6 48. Nb8 Rh6 49. Kb3 Ke7 50. a4 bxa4+ 51. Kxa4 Rh4+ 52. Kb3 Kd6 53. Na6 c5 54. c4 Ke5 0-1

[Event "Bundesliga 1819"]
[Site "Germany"]
[Date "2019.02.02"]
[Round "7.3"]
[White "Keymer, Vincent"]
[Black "Ginsburg, Gennadij"]
[Result "1-0"]
[WhiteElo "2502"]
[BlackElo "2418"]
[PlyCount "71"]
[EventDate "2018.11.10"]
[EventType "team-tourn"]
[EventRounds "15"]
[EventCountry "GER"]
[SourceTitle "CBM 188 Extra"]
[Source "ChessBase"]
[SourceDate "2019.02.26"]
[SourceVersion "1"]
[SourceVersionDate "2019.02.26"]
[SourceQuality "1"]
[WhiteTeam "Deizisau"]
[BlackTeam "Hofheim"]
[WhiteTeamCountry "GER"]
[BlackTeamCountry "GER"]

1. d4 d5 2. c4 e6 3. Nc3 Nf6 4. cxd5 exd5 5. Bg5 c6 6. Qc2 Na6 7. e3 Nc7 8. Nf3 Be7 9. Bd3 Ne6 10. Bh4 g6 11. 0-0 0-0 12. Rfe1 b6 13. Ne5 Bb7 14. f4 c5 15. f5 Ng7 16. Ba6 Bxa6 17. Nc6 Qd6 18. Nxe7+ Kh8 19. Bxf6 Qxf6 20. Ncxd5 Qg5 21. dxc5 bxc5 22. e4 gxf5 23. exf5 Rad8 24. Qxc5 Nxf5 25. Re5 Bc8 26. Nxc8 f6 27. Rxf5 Qxf5 28. Nce7 Qe5 29. Qf2 Rxd5 30. Nxd5 Qxd5 31. Qxa7 Ra8 32. Qf2 Rxa2 33. Qxf6+ Kg8 34. Rf1 Ra8 35. h4 Re8 36. Rf5 1-0

[Event "Bundesliga 1819"]
[Site "Germany"]
[Date "2018.11.25"]
[Round "4.3"]
[White "Amin, Bassem"]
[Black "Ginsburg, Gennadij"]
[Result "1-0"]
[WhiteElo "2709"]
[BlackElo "2418"]
[PlyCount "67"]
[EventDate "2018.11.10"]
[EventType "team-tourn"]
[EventRounds "15"]
[EventCountry "GER"]
[SourceTitle "CBM 187 Extra"]
[Source "ChessBase"]
[SourceDate "2018.11.04"]
[SourceVersion "1"]
[SourceVersionDate "2018.11.04"]
[SourceQuality "1"]
[WhiteTeam "Viernheim"]
[BlackTeam "Hofheim"]
[WhiteTeamCountry "GER"]
[BlackTeamCountry "GER"]

1. e4 c5 2. Nf3 Nc6 3. Bb5 g6 4. Bxc6 dxc6 5. d3 Bg7 6. h3 Nf6 7. Nc3 0-0 8. Be3 b6 9. Qd2 e5 10. Bh6 Qd6 11. 0-0-0 a5 12. g4 a4 13. Rhg1 b5 14. Ne2 a3 15. b3 Re8 16. Ng3 c4 17. Bxg7 Kxg7 18. dxc4 Qxd2+ 19. Nxd2 Nd7 20. cxb5 cxb5 21. Ndf1 Nc5 22. Rd5 Na6 23. Rxb5 Bd7 24. Rb6 Rec8 25. Ne3 Nc5 26. Rd1 Be6 27. f3 Ra7 28. Ne2 Rac7 29. c4 Nd7 30. Ra6 Nc5 31. Rxa3 h5 32. gxh5 gxh5 33. h4 Rb7 34. Kc2 1-0

[Event "Karlsruhe Grenke op"]
[Site "Karlsruhe"]
[Date "2018.03.31"]
[Round "5"]
[White "Antal, Gergely"]
[Black "Ginsburg, Gennadij"]
[Result "1-0"]
[WhiteElo "2540"]
[BlackElo "2428"]
[PlyCount "79"]
[EventDate "2018.03.29"]
[EventType "swiss"]
[EventRounds "9"]
[EventCountry "GER"]
[SourceTitle "CBM 183 Extra"]
[Source "ChessBase"]
[SourceDate "2018.04.19"]
[SourceVersion "1"]
[SourceVersionDate "2018.04.19"]
[SourceQuality "1"]

1. e4 c5 2. Nf3 d6 3. d4 cxd4 4. Nxd4 Nf6 5. Nc3 a6 6. h3 g6 7. g3 Bg7 8. Bg2 0-0 9. 0-0 Nc6 10. Be3 Nxd4 11. Bxd4 Be6 12. f4 Rc8 13. Rf2 Rc4 14. Ne2 Qc8 15. Kh2 Bg4 16. Bxf6 Bxe2 17. Qxe2 Bxf6 18. e5 dxe5 19. fxe5 Bg7 20. Bxb7 Qe6 21. Rd1 Rb4 22. Bd5 Qxe5 23. Bxf7+ Kh8 24. Qxe5 Bxe5 25. Re1 Bd6 26. Kg2 Rxb2 27. Bb3 Rxf2+ 28. Kxf2 h5 29. g4 hxg4 30. hxg4 g5 31. Ke3 Kg7 32. Kd3 Bb4 33. Rf1 a5 34. a4 Kg6 35. Kc4 Kg7 36. Kd5 Bc3 37. Ke6 Bf6 38. Kf5 Kf8 39. Kg6 Ke8 40. Rd1 1-0